Gachiakuta - Tous les personnages - Statistiques

Statistiques générales
  • Ce quiz a été pris 174 fois
    144 depuis la dernière actualisation
  • Le résultat moyen est 17 sur 46
Statistiques - réponses
Par images Réponse % Correct
Rudo Surebrec
100%
Zanka Nijiku
88%
Enjin
87%
Riyo "The Ripper"
74%
Regto
70%
Jabber Wonger
69%
Amo Empool
67%
Tamzy Caines
62%
Fu Orostor
54%
Gris Rubion
52%
Chiwa
51%
Dia Santa
51%
Bro Santa
49%
Follo Tunito
46%
Semiu Grier
46%
Zodyl Typhon
46%
Guita Heavy Fantasia
45%
Alfa Corbas
43%
Auguste Stilzer
42%
Lemlin Tissark
37%
Asia Stilzer
36%
Delmon Gates
33%
Toum Mima
31%
"Mamie" Alice Stilzer
29%
Mymo
29%
Too Lily
29%
Bundus Behalkelt
25%
Hyo
25%
Momoa Rukel
25%
Kutohni Ander
24%
Noerde Hew Amozo
23%
Gob
20%
Goka Nijiku
20%
Kyouka Nijiku
20%
Otto & Epalte Adderoy
19%
Kuro
17%
Mildretta
14%
Gountess Knock
13%
Gil
12%
Shikage
12%
Alan
10%
Felix
10%
Konza
8%
Gnomulas Ridd
7%
Meriege
7%
Wing
5%
Aucun quiz correspondant
Distribution des résultats
% des personnes avec chaque résultat
Percentile par nombre de réponses
Votre historique - résultats
Vous n’avez pas pris ce quiz depuis la dernière actualisation